Παγκοσμιοποίηση η μεγάλη χίμαιρα

Αποθηκεύτηκε σε:
Λεπτομέρειες βιβλιογραφικής εγγραφής
Κύριος συγγραφέας: Βεργόπουλος, Κώστας, 1942-
Μορφή: Βιβλίο
Γλώσσα:Greek
Δημοσίευση: Αθήνα : Α.Α. Λιβάνης, 1999
Θέματα:
Ετικέτες: Προσθήκη ετικέτας
Δεν υπάρχουν, Καταχωρήστε ετικέτα πρώτοι!

MARC

LEADER 00000cam a2200000 i 4500
001 1/28704
008 021112s1999 gr | ||| |||| ||gre||
020 |a 9601401415 
035 |l 10068664 
040 |a GR-MY-UA  |b gre  |e aacr 
041 0 |a gre 
082 0 |a 327.1 
100 1 |a Βεργόπουλος, Κώστας,   |d 1942- 
245 1 0 |a Παγκοσμιοποίηση η μεγάλη χίμαιρα /  |c Κώστας Β. Βεργόπουλος 
260 |a Αθήνα :   |b Α.Α. Λιβάνης,   |c 1999 
300 |a 421 σ. 
650 0 0 |a Globalization. 
650 0 0 |a International relations. 
852 |a INST  |b RHODES  |e 20021112  |h 327.1 ΒΕΡ  |p 005400016023  |q 005400016023  |t BK  |y 0 
901 |a BIBL4-2002-3 
909 |a Ρ  |b 101500 
922 |a 4ΕΛΗ  |b 200210  |c ΒΙΒΛΙΟΘΗΚΗ  |d ΔΕΝΤΡΟ 
950 |a 094-2002-10-05 
970 |a ΚΟΥΛΑΚΙΟΤΗ  |b ΛΙΤΣΑ  |z 2002/11/26